|
|
|
|
| LEADER |
03004nam a2200469 4500 |
| 001 |
ocn699474956 |
| 003 |
OCoLC |
| 005 |
20170124070736.3 |
| 006 |
m o d |
| 007 |
cr |n|---||||| |
| 008 |
110131s2010 xx o 000 0 eng d |
| 040 |
|
|
|a EBLCP
|b eng
|e pn
|c EBLCP
|d OCLCQ
|d MHW
|d IDEBK
|d OCLCQ
|d DG1
|d OCLCQ
|d OCLCO
|d OCLCQ
|d DEBBG
|d GrThAP
|
| 019 |
|
|
|a 747946070
|
| 020 |
|
|
|a 9781118784921
|q (electronic bk.)
|
| 020 |
|
|
|a 1118784928
|q (electronic bk.)
|
| 020 |
|
|
|z 9781444329339
|
| 020 |
|
|
|z 1444329332
|
| 029 |
1 |
|
|a GBVCP
|b 78669517X
|
| 029 |
1 |
|
|a NZ1
|b 15915657
|
| 029 |
1 |
|
|a DEBBG
|b BV043392709
|
| 035 |
|
|
|a (OCoLC)699474956
|z (OCoLC)747946070
|
| 050 |
|
4 |
|a RC280.B8B6728 2011
|
| 082 |
0 |
4 |
|a 616.994490231
|
| 049 |
|
|
|a MAIN
|
| 100 |
1 |
|
|a Harmer, Victoria.
|
| 245 |
1 |
0 |
|a Breast Cancer Nursing Care and Management.
|
| 264 |
|
1 |
|a Chichester :
|b John Wiley & Sons,
|c 2010.
|
| 300 |
|
|
|a 1 online resource (384 pages)
|
| 336 |
|
|
|a text
|b txt
|2 rdacontent
|
| 337 |
|
|
|a computer
|b c
|2 rdamedia
|
| 338 |
|
|
|a online resource
|b cr
|2 rdacarrier
|
| 505 |
0 |
|
|a Breast Cancer Nursing Care and Management; Contents; Preface; Foreword by HRH The Prince of Wales; Words of Encouragement for Nurses from Stella McCartney; Contributors; Acknowledgements; 1 An Overview of the Breast and Breast Cancer; 2 The Histopathology of Breast Cancer; 3 Genetic Factors in Breast Cancer; 4 Breast Screening; 5 Surgery for Breast Cancer; 6 Physiotherapy for Patients with Breast Cancer; 7 Breast Reconstruction; 8 Chemotherapy as a Treatment for Breast Cancer; 9 Radiotherapy as a Treatment for Breast Cancer; 10 Endocrine Treatment for Breast Cancer.
|
| 505 |
8 |
|
|a 11 Lymphoedema and Breast Cancer12 Fungating Wounds; 13 Advanced Disease; 14 Complementary and Alternative Therapies; 15 Psychological Issues for the Patient with Breast Cancer; 16 Survivorship Issues; 17 Specialist Nursing Roles: What Are the Challenges?; Index; Colour plate section follows page 114.
|
| 520 |
|
|
|a "This book is an excellent resource for nurses working in either a hospital or primary care". -- Breast Cancer Care News. "this book would be really helpful to other breast cancer nurses and students about to embark on work in this field". -- Journal of Community Nursing. This comprehensive handbook is for nurses and other healthcare professionals involved in the care of people with breast cancer. It gives up-to-date evidence-based information and practical advice on nursing care throughout diagnosis, treatment, recovery and end-of-life care. Each chapter is written by an expert in the field. To.
|
| 588 |
0 |
|
|a Print version record.
|
| 650 |
|
0 |
|a Breast
|x Diseases
|x Nursing.
|
| 650 |
|
0 |
|a Cancer
|x Nursing.
|
| 650 |
|
4 |
|a Medicine.
|
| 655 |
|
4 |
|a Electronic books.
|
| 776 |
0 |
8 |
|i Print version:
|a Harmer, Victoria.
|t Breast Cancer Nursing Care and Management.
|d Chichester : John Wiley & Sons, Ltd., ©2010
|z 9781405198660
|
| 856 |
4 |
0 |
|u https://doi.org/10.1002/9781118784921
|z Full Text via HEAL-Link
|
| 994 |
|
|
|a 92
|b DG1
|